000 01922nam a2200313 i 4500
001 000030123
003 DO-SdBNP
005 20250911140509.0
007 ta
008 110429s2006 dr d r 000 0 spa d
020 _a9993467324
040 _aDO-SdBNP
_bspa
_cBNPHU
_erda
041 _aspa
082 4 _a372.0021
_bR426i 2006
_222
110 1 _aRepública Dominicana.
_bSecretaría de Estado de Educación Superior, Ciencia y Tecnología
_918778
245 1 0 _aInforme general sobre estadísticas de educación superior 1989-2005.
264 4 _aSanto Domingo :
_bMESCyT,
_c©2006.
300 _a204 páginas :
_bilustraciones, mapas, tablas, gráficas ;
_c28 cm.
336 _atexto
_btxt
_2rdacontent
337 _asin mediación
_bn
_2rdamedia
338 _avolumen
_bnc
_2rdacarrier
505 _aPresentación -- Ligia Amada Melo de Cardona, 11 -- Hacia un Sistema de Información Estadística en Educación Superior, Ciencia y Tecnología -- Introducción, 15 -- Antecedentes 15 -- Departamento de estadística y sistema de informacióN,16 Tendencias de la Matrícula de Educación Superior Dominicana1989-2005 -- Introducción, 29 -- Trayectoria histórica de la matrícula, 32 -- Conclusión, 44 -- Reflexiones finales, 46 -- Estadísticas de Educación Superior 2004 y 2005 -- Resumen ejecutivo, 49 -- Instituciones de Educación Superior, 50 -- Programas académicos carreras, 55 -- Programas de investigación, 60 -- Extensión, 67 --Personal académico, 68 -- Personal de apoyo, 77 Matrícula, 79 -- Egresos, 110 -- Deserción, 115 -- Anexos. 121
590 _aInventariado, 2019/BT
650 0 _aEducación superior
_zRepública Dominicana
_vEstadísticas
_y1989-2005
_9736
650 0 _aEducación superior
_zRepública Dominicana
_xHistoria
_y1989-2005
_9736
650 4 _aPolítica educativa
_zRepública Dominicana
_y1989-2005
_956813
910 _aValidado. Control de calidad MFF
942 _2ddc
_cLBS1
999 _c29615
_d29615